[Event "MSR_ch20"]
[Site "?"]
[Date "2024.04.07"]
[Round "3.22"]
[White "Piroska, Samuel"]
[Black "Rerko, Samuel"]
[Result "1-0"]
[BlackElo "1584"]
[WhiteElo "1667"]
[LiveChessVersion "1.4.8"]

1. d4 {[%clk 1:30:40]} Nf6 {[%clk 1:30:46]} 2. Nf3 {[%clk 1:31:03]} e6
{[%clk 1:31:02]} 3. c3 {[%clk 1:31:14]} d5 {[%clk 1:31:24]} 4. Bf4
{[%clk 1:31:34]} c5 {[%clk 1:31:30]} 5. e3 {[%clk 1:31:53]} Bd6 {[%clk 1:31:52]}
6. Ne5 {[%clk 1:30:29]} Qc7 {[%clk 1:31:56]} 7. Nd2 {[%clk 1:30:27]} Nbd7
{[%clk 1:32:18]} 8. Ndf3 {[%clk 1:30:27]} h6 {[%clk 1:31:41]} 9. h3 O-O
{[%clk 1:31:09]} 10. Bd3 {[%clk 1:23:11]} Rb8 {[%clk 1:29:33]} 11. a4 a6 12. O-O
{[%clk 1:21:52]} Ne4 {[%clk 1:22:08]} 13. Qc2 Nef6 14. b4 {[%clk 1:00:27]} c4
{[%clk 0:53:45]} 15. Be2 {[%clk 0:53:49]} Ne4 {[%clk 0:36:31]} 16. Bxc4
{[%clk 0:49:07]} f6 {[%clk 0:36:31]} 17. Nxd7 {[%clk 0:49:25]} Bxd7
{[%clk 0:36:51]} 18. Bxd6 {[%clk 0:49:01]} Qxd6 {[%clk 0:29:50]} 19. Bd3 Qc6 20.
b5 {[%clk 0:39:02]} Qxc3 {[%clk 0:27:25]} 21. Bxe4 1-0

[Event "MSR_ch20"]
[Site "?"]
[Date "2024.04.07"]
[Round "3.23"]
[White "Richnak, Michal"]
[Black "Hulic, Michal"]
[Result "0-1"]
[BlackElo "1575"]
[WhiteElo "1626"]
[LiveChessVersion "1.4.8"]

1. d4 {[%clk 1:30:56]} Nf6 {[%clk 1:30:49]} 2. Nf3 {[%clk 1:31:13]} d5
{[%clk 1:31:07]} 3. Bf4 {[%clk 1:31:33]} c5 {[%clk 1:31:21]} 4. e3
{[%clk 1:31:44]} Nc6 {[%clk 1:31:15]} 5. c4 {[%clk 1:31:43]} Bf5 {[%clk 1:30:25]}
6. Nc3 {[%clk 1:30:55]} e6 {[%clk 1:30:32]} 7. Qb3 {[%clk 1:25:01]} cxd4
{[%clk 1:22:31]} 8. Qxb7 {[%clk 1:21:43]} Qc8 {[%clk 1:14:40]} 9. Qxc8+
{[%clk 1:19:50]} Rxc8 {[%clk 1:14:59]} 10. exd4 {[%clk 1:20:01]} dxc4
{[%clk 1:15:05]} 11. Be2 {[%clk 1:10:25]} Nd5 {[%clk 1:07:42]} 12. Nxd5
{[%clk 1:05:37]} exd5 {[%clk 1:07:47]} 13. O-O {[%clk 1:05:40]} Bb4
{[%clk 1:03:28]} 14. a3 {[%clk 1:01:35]} Ba5 {[%clk 1:00:06]} 15. Bd1
{[%clk 0:59:06]} O-O {[%clk 0:59:32]} 16. Ba4 {[%clk 0:56:45]} Bb6
{[%clk 0:54:02]} 17. Rad1 {[%clk 0:55:29]} Bd3 {[%clk 0:50:08]} 18. Rfe1
{[%clk 0:53:43]} Nxd4 {[%clk 0:49:17]} 19. Nxd4 {[%clk 0:53:28]} Bxd4
{[%clk 0:49:30]} 20. Rd2 Bf6 {[%clk 0:44:19]} 21. Bd7 {[%clk 0:52:33]} Rcd8
{[%clk 0:40:01]} 22. Bg4 {[%clk 0:52:08]} Rfe8 {[%clk 0:39:17]} 23. Red1
{[%clk 0:48:43]} Re4 {[%clk 0:36:14]} 24. Be3 {[%clk 0:43:27]} Rxg4
{[%clk 0:36:00]} 25. Bxa7 {[%clk 0:43:48]} Bd4 {[%clk 0:34:01]} 26. Bxd4
{[%clk 0:43:12]} Rxd4 {[%clk 0:34:15]} 27. b3 {[%clk 0:42:02]} Re4
{[%clk 0:33:16]} 28. bxc4 {[%clk 0:41:05]} dxc4 {[%clk 0:33:22]} 29. f3
{[%clk 0:41:14]} Re6 {[%clk 0:32:34]} 30. Rc2 {[%clk 0:40:47]} h6
{[%clk 0:32:27]} 31. Rxc4 {[%clk 0:40:31]} Bxc4 {[%clk 0:30:36]} 32. Rxd8+
{[%clk 0:40:54]} Kh7 {[%clk 0:30:45]} 33. Kf2 {[%clk 0:40:49]} Ra6
{[%clk 0:29:54]} 34. Rc8 {[%clk 0:40:47]} Be6 {[%clk 0:29:53]} 35. Rc3
{[%clk 0:41:02]} g5 36. Kg3 {[%clk 0:40:46]} Kg6 {[%clk 0:28:51]} 37. h3
{[%clk 0:39:17]} f6 {[%clk 0:28:20]} 38. Re3 {[%clk 0:39:21]} Bf5
{[%clk 0:26:13]} 39. h4 {[%clk 0:36:28]} Re6 {[%clk 0:25:29]} 40. Rxe6
{[%clk 0:35:53]} Bxe6 41. a4 {[%clk 0:35:26]} f5 {[%clk 0:24:59]} 42. hxg5
{[%clk 0:35:26]} hxg5 {[%clk 0:24:58]} 43. f4 {[%clk 0:35:36]} g4
{[%clk 0:23:43]} 44. Kh4 {[%clk 0:35:35]} Kf6 {[%clk 0:23:19]} 45. a5
{[%clk 0:35:16]} Bc8 {[%clk 0:22:42]} 46. g3 {[%clk 0:33:52]} Ke6
{[%clk 0:22:43]} 47. Kg5 {[%clk 0:33:41]} Kd5 {[%clk 0:22:29]} 48. a6
{[%clk 0:33:36]} Kc6 {[%clk 0:21:50]} 49. Kf6 {[%clk 0:32:31]} Kb6
{[%clk 0:22:00]} 50. a7 {[%clk 0:32:13]} Kxa7 51. Ke5 Kb6 {[%clk 0:22:01]} 52.
Kd4 {[%clk 0:32:23]} Kc6 {[%clk 0:21:47]} 53. Kc4 {[%clk 0:32:42]} Be6+
{[%clk 0:21:49]} 54. Kd4 {[%clk 0:33:00]} Kd6 {[%clk 0:22:10]} 55. Kc3
{[%clk 0:33:14]} Kd5 {[%clk 0:22:33]} 56. Kd3 {[%clk 0:33:26]} Bd7
{[%clk 0:22:50]} 57. Ke3 {[%clk 0:33:42]} Bb5 {[%clk 0:22:38]} 58. Kf2
{[%clk 0:34:01]} Kd4 {[%clk 0:21:45]} 59. Kg2 {[%clk 0:34:20]} Ke3
{[%clk 0:18:11]} 60. Kg1 {[%clk 0:34:34]} Bc6 {[%clk 0:17:57]} 61. Kh2
{[%clk 0:34:33]} Kf3 {[%clk 0:17:19]} 62. Kg1 {[%clk 0:34:55]} Kxg3
{[%clk 0:17:22]} 63. Kf1 {[%clk 0:34:51]} Kxf4 {[%clk 0:17:33]} 64. Kf2
{[%clk 0:34:54]} g3+ {[%clk 0:17:44]} 65. Kf1 {[%clk 0:35:06]} Be8
{[%clk 0:18:01]} 66. Kg2 {[%clk 0:35:21]} Kg4 {[%clk 0:18:26]} 67. Kh1
{[%clk 0:35:21]} Kf3 {[%clk 0:18:03]} 68. Kg1 {[%clk 0:35:39]} g2
{[%clk 0:18:15]} 69. Kh2 {[%clk 0:36:05]} Kf2 {[%clk 0:18:16]} 70. Kh3
{[%clk 0:36:19]} g1=R {[%clk 0:18:08]} 71. Kh2 {[%clk 0:36:11]} Rg8
{[%clk 0:18:05]} 72. Kh3 {[%clk 0:36:37]} Kf3 {[%clk 0:18:04]} 73. Kh2
{[%clk 0:36:40]} Kf2 {[%clk 0:18:09]} 74. Kh3 {[%clk 0:37:05]} Rh8# 0-1